Best eminem songs (in my opinion) - Statistics

General Stats
  • This quiz has been taken 40 times
  • The average score is 9 of 12
Answer Stats
Hint Answer % Correct
8 mile Lose Yourself
95%
Really, really, fast rap Rap god
92%
Collab with Juice Wrld Godzilla
89%
Song for Hailie Mockingbird
89%
Collab with Dido Stan
86%
Collab with Rihanna Love the way you lie
84%
'Well, some of us cannibals who cut other people up like cantaloupes' The Real Slim Shady
81%
'20 million of the white rappers emerge' Without me
73%
Collab with Nate Dogg Till I' Collapse
65%
'Wanna see me stick 9-inch nails through each one of my eyelids?' My name is
62%
Sampled Aerosmith Sing for the moment
51%
Collab with Dr. Dre Forgot about Dre
46%
No matching quizzes found
Score Distribution
Percent of People with Each Score
Percentile by Number Answered
Your Score History
You have not taken this quiz